[Event "Nizhnij Tagil-ch"]
[Site "Nizhnij Tagil"]
[Date "2006.12.??"]
[Round "13"]
[White "Antropov, Andrei"]
[Black "Dashevsky, Sergey"]
[Result "0-1"]
[WhiteElo "2111"]
[BlackElo "2296"]
[PlyCount "50"]
[EventDate "2006.12.07"]
[EventType "swiss"]
[EventRounds "13"]
[EventCountry "RUS"]
[SourceTitle "EXT 2008"]
[Source "ChessBase"]
[SourceDate "2007.11.25"]
[SourceVersion "1"]
[SourceVersionDate "2007.11.25"]
[SourceQuality "1"]

1. e4 e5 2. Nf3 d6 3. d4 exd4 4. Nxd4 g6 5. Nc3 Bg7 6. Be3 Nf6 7. f3 0-0 8. Qd2 Re8 9. Bc4 Nc6 10. Nxc6 bxc6 11. 0-0 Be6 12. Bxe6 Rxe6 13. Rad1 Qb8 14. Bd4 Qxb2 15. Nd5 Nxe4 16. fxe4 Qxd4+ 17. Qxd4 Bxd4+ 18. Rxd4 cxd5 19. exd5 Re7 20. Rf3 Rb8 21. Rc3 Rb5 22. a4 Ra5 23. Kf1 Kf8 24. Rdc4 Rxd5 25. Rxc7 Rf5+ 0-1

[Event "Nizhnij Tagil-ch"]
[Site "Nizhnij Tagil"]
[Date "2006.12.??"]
[Round "6"]
[White "Antropov, Andrei"]
[Black "Vahrushev, Vladimir"]
[Result "0-1"]
[WhiteElo "2111"]
[BlackElo "2300"]
[PlyCount "60"]
[EventDate "2006.12.07"]
[EventType "swiss"]
[EventRounds "13"]
[EventCountry "RUS"]
[SourceTitle "EXT 2008"]
[Source "ChessBase"]
[SourceDate "2007.11.25"]
[SourceVersion "1"]
[SourceVersionDate "2007.11.25"]
[SourceQuality "1"]

1. e4 g6 2. d4 Bg7 3. Nc3 d6 4. f4 Nf6 5. Nf3 c6 6. Bd3 Nbd7 7. 0-0 e5 8. dxe5 dxe5 9. f5 0-0 10. Kh1 b5 11. Be3 b4 12. fxg6 bxc3 13. gxf7+ Kh8 14. bxc3 Qe7 15. Nh4 Nb6 16. Nf5 Bxf5 17. Rxf5 Qxf7 18. Qf3 Qe6 19. Qh3 Nfd7 20. Raf1 Qxa2 21. c4 Rxf5 22. exf5 e4 23. Bh6 Bf6 24. Bxe4 Qxc4 25. Bd3 Qd5 26. Re1 Ne5 27. Qh5 Rg8 28. Be4 Qc5 29. Bf4 Ng4 30. h4 Qf2 0-1

[Event "Nizhnij Tagil-ch"]
[Site "Nizhnij Tagil"]
[Date "2006.12.??"]
[Round "10"]
[White "Petrov, Yury"]
[Black "Antropov, Andrei"]
[Result "1-0"]
[WhiteElo "2100"]
[BlackElo "2111"]
[PlyCount "121"]
[EventDate "2006.12.07"]
[EventType "swiss"]
[EventRounds "13"]
[EventCountry "RUS"]
[SourceTitle "EXT 2008"]
[Source "ChessBase"]
[SourceDate "2007.11.25"]
[SourceVersion "1"]
[SourceVersionDate "2007.11.25"]
[SourceQuality "1"]

1. e4 e6 2. d4 d5 3. exd5 exd5 4. Bd3 Nc6 5. c3 Bd6 6. Ne2 Nge7 7. Ng3 Be6 8. 0-0 Qd7 9. b4 Ng6 10. Re1 0-0-0 11. a4 Nf4 12. a5 Nxd3 13. Qxd3 Rde8 14. Nd2 h5 15. Nb3 h4 16. Nf1 h3 17. g3 Bf5 18. Rxe8+ Rxe8 19. Qd1 Qe6 20. b5 Nd8 21. Ba3 Bg4 22. f3 Bf5 23. Bxd6 cxd6 24. Kf2 g5 25. Nc1 g4 26. Nd3 gxf3 27. Nf4 Qe4 28. Qxf3 Qc2+ 29. Kg1 Ne6 30. Re1 Rg8 31. Nxd5 Bg4 32. Qf2 Qxf2+ 33. Kxf2 Rg5 34. Nfe3 Bh5 35. Ne7+ Kd7 36. N7f5 Bg6 37. g4 Bxf5 38. gxf5 Nf4 39. Kf3 Ng2 40. Rf1 d5 41. Rf2 Ne1+ 42. Ke2 Ng2 43. Nxd5 Nh4 44. Ne3 b6 45. a6 Rg1 46. Rf1 Rg8 47. c4 Ng2 48. Nd5 Kd6 49. Rf3 Rc8 50. Ne3 Nxe3 51. Rxe3 Rxc4 52. Rxh3 Ke7 53. Kd3 Rb4 54. Re3+ Kf6 55. Re5 Rb3+ 56. Kc4 Rh3 57. Kd5 Rxh2 58. Kc6 Rd2 59. Rd5 Re2 60. Rd7 Rb2 61. Rxa7 1-0